[Event "Caracas Onapre Cup 3rd"]
[Site "Caracas"]
[Date "2013.07.06"]
[Round "4"]
[White "Ginnari Vasquez, Miguel Alejandro"]
[Black "Amaro, Juan"]
[Result "1-0"]
[WhiteElo "2029"]
[BlackElo "1925"]
[PlyCount "139"]
[EventDate "2013.07.04"]
[EventType "swiss"]
[EventRounds "7"]
[EventCountry "VEN"]
[SourceTitle "EXT 2018"]
[Source "ChessBase"]
[SourceDate "2017.10.13"]
[SourceVersion "1"]
[SourceVersionDate "2017.10.13"]
[SourceQuality "1"]

1. e4 e5 2. Nf3 Nc6 3. Bb5 Bc5 4. 0-0 Nf6 5. d3 d6 6. h3 0-0 7. Nc3 Nd4 8. Nxd4 Bxd4 9. Ne2 Bb6 10. Be3 Be6 11. Qd2 c6 12. Ba4 d5 13. Bxb6 axb6 14. exd5 Bxd5 15. Bb3 Qd6 16. Ng3 g6 17. Rae1 Rfe8 18. Qg5 Bxb3 19. axb3 Nd7 20. Ne4 Qe7 21. Qg3 Kg7 22. f4 exf4 23. Rxf4 Ra5 24. Ref1 Rf8 25. Qf2 f5 26. Ng3 Re5 27. d4 Re3 28. Kh2 Kg8 29. c3 Qe6 30. Ra1 Nf6 31. b4 Rxg3 32. Qxg3 Nh5 33. Qf2 Nxf4 34. Qxf4 Rf7 35. Ra8+ Kg7 36. Rd8 Qe7 37. Qb8 Qc7+ 38. Qxc7 Rxc7 39. Kg3 Kf6 40. h4 b5 41. Kf3 Re7 42. Rf8+ Kg7 43. Rb8 Kf6 44. g3 h6 45. Rd8 Kg7 46. d5 Kf6 47. Rd6+ Ke5 48. Rxg6 Kxd5 49. Rxh6 Kc4 50. Kf4 Kb3 51. Rd6 Kxb2 52. Rd3 Rf7 53. h5 Kc2 54. Rf3 b6 55. h6 c5 56. Kg5 Rd7 57. Kxf5 Rf7+ 58. Kg4 Rh7 59. Kg5 Kb3 60. bxc5 bxc5 61. Kg6 Rd7 62. g4 c4 63. h7 Rd3 64. Rxd3 cxd3 65. h8Q d2 66. Qd4 Kc2 67. Qe4+ Kxc3 68. Qb1 b4 69. Kf5 b3 70. Ke4 1-0